| 000 | 01974nam a2200229Ia 4500 | ||
|---|---|---|---|
| 003 | Ost | ||
| 005 | 20260507075335.0 | ||
| 008 | 260507s9999||||xx |||||||||||||| ||und|| | ||
| 020 | _a23780299579 | ||
| 040 | _cfsecg | ||
| 041 | _aara | ||
| 082 | _a330 | ||
| 100 |
_aخمش، مجد الدين _eمؤلف |
||
| 245 | 0 |
_aالعولمة و تأثيراتها في المجتمع العربي / _c مجد الدين خمش |
|
| 260 |
_aعمان: _bدار مجدلاوي, _c2011 |
||
| 300 |
_a238 صفحة؛ _c24 سم |
||
| 504 | _aجداول احصائية ص.9 | ||
| 520 | _aتحليل بنود و مبادئ اتفاقية الجات و الوصول الى فهم متعمق للعولمة نظرا لدور هذه الاتفاقية المحوري في نشوء و تدعيم العولمة و عملياتها و مؤسساتها مع الاهتمام بتحليل تلك البنود التي توفر استثناءات للدول النامية و من ضمنها الدول العربية لتمكين هذه الدول من اعادة ترتيب أوضاعها بما يضمن لها درجة مناسبة من الخصوصية الاقتصادية و الثقافية ، تحليل آثار العولمة على المجتمع العربي اقتصاديا و اجتماعيا و تحليل تداعيات العولمة على الدولة في المجتمع العربي و خاصة فيما يتعلق بالتعديلات على أدوارها بتقبلها للمشاركة في السيادة الثقافة على مواطنيها بعد تزايد الفضائيات و خدمات الانترنيت لا سيما أن دور الدولة أصبح من جديد محط الاهتمام ودلك بعد تداعيات الأزمة المالية العالمية التي بدات في نهاية عام 2008 | ||
| 653 | _aالإقتصاد- بلدان العربية | ||
| 653 | _aالعولمة- البلدان العربية | ||
| 942 | _cكتاب | ||
| 999 |
_c44041 _d44041 |
||